000 00959cam a22002654a 4500
001 13331637
003 ARRUPE
005 20151029120957.0
008 030903s2003 miu b 000 0 eng
010 _a 2003049469
020 _a0802826563 (pbk. : alk. paper)
040 _aDLC
_cDLC
_dDLC
042 _apcc
050 0 0 _aBV600.3
_b.A27 2003
082 0 0 _a262/.001/7
_222
100 1 _aAbraham, William J.
_q(William James),
_d1947-
_920746
245 1 4 _aThe logic of renewal /
_cWilliam J. Abraham.
260 _aGrand Rapids, Mich. :
_bW.B. Eerdmans Pub. Co.,
_cc2003.
300 _ax, 172 p. ;
_c23 cm.
504 _aIncludes bibliographical references.
650 0 _aChurch renewal
_xHistory
_y20th century.
_920747
906 _a7
_bcbc
_corignew
_d1
_eocip
_f20
_gy-gencatlg
942 _2lcc
_cMONOGRAPH
999 _c123682
_d123682